[Event "HZ Open"]
[Site "Vlissingen NED"]
[Date "2001.07.29"]
[Round "3"]
[White "Maes,W"]
[Black "Piket,Je"]
[Result "0-1"]
[WhiteElo "2281"]
[BlackElo "2630"]

1.e4 g6 2.d4 Bg7 3.Nc3 d6 4.Be3 a6 5.Qd2 b5 6.Bd3 Nd7 7.a4 b4 8.Nd1 Rb8 9.Ne2 c5
10.c3 Ngf6 11.f3 O-O 12.O-O bxc3 13.bxc3 Qa5 14.Qa2 Nb6 15.Nb2 Be6 16.Nc4 Nxc4
17.Bxc4 cxd4 18.cxd4 d5 19.Bd2 Qd8 20.exd5 Bxd5 21.Rad1 Rc8 22.Bb3 Qd7 23.Rc1 Qe6
24.Bxd5 Nxd5 25.Rce1 Rfd8 26.Kh1 Qf5 27.Ba5 Rc2 28.Qb3 Rdc8 29.Ng3 Qd7 30.f4 e6
31.Ne4 Bxd4 32.Rd1 Bg7 33.Bb6 Rb2  0-1

[Event "Open"]
[Site "Korinthos GRE"]
[Date "2001.07.31"]
[Round "4"]
[White "Panagiotopoulos,O"]
[Black "Nikolaidis,I"]
[Result "0-1"]
[WhiteElo "2170"]
[BlackElo "2531"]

1.e4 g6 2.d4 Bg7 3.Nc3 d6 4.Nf3 a6 5.Be3 Nd7 6.Qd2 e6 7.h4 h6 8.Be2 Ngf6
9.d5 e5 10.Nh2 b5 11.f3 Nh5 12.Nf1 Nf4 13.Rh2 Nb6 14.b3 f5 15.g3 Nxe2 16.Nxe2 fxe4
17.fxe4 Nd7 18.a4 Nf6 19.axb5 Nxe4 20.Qb4 Nf6 21.bxa6 O-O 22.Qc4 Ng4 23.Rh1 Rxf1+
24.Rxf1 Nxe3 25.Qc6 Bd7  0-1

[Event "UPI"]
[Site "Mancha Real ESP"]
[Date "2001.07.31"]
[Round "2"]
[White "Ruiz Jimenez,F"]
[Black "Saldano,H"]
[Result "0-1"]
[WhiteElo "2115"]
[BlackElo "2422"]

1.e4 g6 2.d4 Bg7 3.Nc3 d6 4.Be3 Nf6 5.Qd2 c6 6.Nf3 Bg4 7.Ng1 b5 8.f3 Bc8
9.g4 h5 10.g5 Nfd7 11.Nh3 Nb6 12.b3 d5 13.Nf4 O-O 14.Bd3 e5 15.Nfe2 b4 16.Nd1 exd4
17.Bxd4 Bxd4 18.Nxd4 c5 19.Nf5 gxf5 20.exf5 Re8+ 21.Kf1 c4 22.g6 f6 23.Qh6 Qe7
24.bxc4 Nxc4 25.Bxc4 dxc4 26.Ne3 Qg7 27.Qf4 Nd7 28.Qxc4+ Kh8 29.Nd5 Nb6 30.Nxb6 axb6
31.Qxb4 Bxf5 32.Qxb6 Qxg6 33.Rg1 Bh3+ 34.Kf2 Qxc2+ 35.Kg3 Rg8+  0-1

[Event "Ladies"]
[Site "Hasselbacken SWE"]
[Date "2001.08.01"]
[Round "5"]
[White "Horn,E"]
[Black "Stepanitcsheva,Z"]
[Result "0-1"]
[WhiteElo "2012"]
[BlackElo "2060"]

1.e4 g6 2.d4 Bg7 3.Nc3 d6 4.Bc4 Nc6 5.Be3 a6 6.a3 Nf6 7.f3 b5 8.Ba2 Bb7 9.Nge2 e5
10.Qd2 h5 11.d5 Ne7 12.a4 bxa4 13.Nxa4 Nd7 14.c4 f5 15.c5 f4 16.Bf2 Bc8 17.Qc3 g5
18.Qa3 dxc5 19.Nxc5 Nxc5 20.Bxc5 Bf8 21.Rc1 Bd7 22.Qc3 Bg7 23.Bxe7 Kxe7 24.Qc5+ Kf6
25.d6 c6 26.h4 Kg6 27.hxg5 Qxg5 28.Kf2 h4 29.Qc4 Rhf8 30.Rh2 Rab8 31.Qxa6 Rxb2
32.Kf1 Qf6 33.Qa3 Rfb8 34.Bc4 Bf8 35.Rd1 Rb1 36.Rxb1 Rxb1+ 37.Kf2 Qxd6 38.Qxd6+ Bxd6
39.Nxf4+ exf4 40.Rxh4 Rc1 41.Ba6 c5 42.Rh8 Be5 43.Rd8 Be6 44.Ke2 Rc2+ 45.Kd3 Rxg2
46.Bc4 Bxc4+ 47.Kxc4 Rc2+ 48.Kd5 Rd2+  0-1

[Event "MTO"]
[Site "Biel SUI"]
[Date "2001.08.03"]
[Round "11"]
[White "Regez,M"]
[Black "Lada,I"]
[Result "1-0"]
[WhiteElo "2136"]
[BlackElo "2223"]

1.d4 d6 2.e4 g6 3.Nc3 Bg7 4.Be3 Nc6 5.d5 Nb8 6.Qd2 c6 7.h3 e6 8.Nf3 cxd5
9.exd5 e5 10.g4 Ne7 11.Bh6 O-O 12.Bd3 a6 13.Rg1 b5 14.a3 Nd7 15.Nh4 Bb7 16.Nf5 Nxf5
17.gxf5 Qh4 18.Bg5 Qxh3 19.O-O-O Nc5 20.Rg3 Nxd3+ 21.Qxd3 Qh2 22.Rh3 Qg2
23.Qe3 f6 24.Bh6 Bxh6 25.Qxh6 Qg5+ 26.Qxg5 fxg5 27.fxg6 hxg6 28.Rdh1 Kf7
29.Rh7+  1-0

[Event "FSIMB August"]
[Site "Budapest HUN"]
[Date "2001.08.04"]
[Round "1"]
[White "Schmitt,F"]
[Black "Dearing,E"]
[Result "0-1"]
[WhiteElo "2146"]
[BlackElo "2274"]

1.e4 g6 2.d4 d6 3.Nc3 Bg7 4.Nf3 a6 5.a4 Nf6 6.Be2 O-O 7.O-O b6 8.h3 Bb7 9.Nd2 Nc6
10.Nb3 e5 11.d5 Nd4 12.Be3 Nxe2+ 13.Qxe2 Nh5 14.g4 Nf4 15.Bxf4 exf4 16.Qf3 f5
17.Rad1 fxg4 18.hxg4 Bc8 19.Ne2 Qg5 20.Ned4 Bxg4 21.Qg2 f3 22.Qg3 Be5 23.Ne6 Qh5  0-1

[Event "Open"]
[Site "Korinthos GRE"]
[Date "2001.08.04"]
[Round "8"]
[White "Gelashvili,T"]
[Black "Istratescu,A"]
[Result "1/2-1/2"]
[WhiteElo "2506"]
[BlackElo "2598"]

1.e4 g6 2.d4 Bg7 3.Nc3 d6 4.Be3 a6 5.Qd2 Nd7 6.f3 b5 7.a4 b4 8.Nd1 a5 9.c3 bxc3
10.Nxc3 c6 11.Rc1 Ngf6 12.Bd3 O-O 13.Nge2 Ba6 14.O-O Qb8 15.h3 Bxd3 16.Qxd3 Qb7
17.Rc2 Rfc8 18.Rfc1 Ne8 19.f4 Nc7 20.e5 Na6 21.Qe4 Nb4 22.Rd2 Nb6 23.b3 N6d5
24.g4 Qd7 25.f5 e6 26.f6 Bf8 27.Qf3 dxe5 28.dxe5 Qc7 29.Qe4 Rd8 30.Nd4 Nxc3
31.Rxc3 Rd5 32.Nf3 Rad8 33.h4 Rxd2 34.Bxd2 Rd5 35.h5 Qd7 36.hxg6 Rxd2 37.gxf7+ Kxf7
38.Qxh7+ Ke8 39.Qg6+ Kd8 40.Qg8 Rd1+ 41.Kg2 Ke8 42.Qg6+ Kd8  1/2-1/2

[Event "Nordic Championships"]
[Site "Bergen NOR"]
[Date "2001.08.05"]
[Round "2"]
[White "Salmensuu,O"]
[Black "Soh,E"]
[Result "1-0"]
[WhiteElo "2431"]
[BlackElo "2104"]

1.e4 g6 2.d4 Bg7 3.Nc3 d6 4.Be3 Nf6 5.Qd2 Nc6 6.Nf3 Bg4 7.Bb5 Bxf3 8.gxf3 a6
9.Bxc6+ bxc6 10.O-O-O e5 11.dxe5 dxe5 12.Qe2 Qe7 13.Qc4 Qe6 14.Qb4 a5 15.Qb7 O-O
16.Qxc7 Rfc8 17.Qd6 Qe8 18.Bc5 Bh6+ 19.Kb1 Bf8 20.Qxf8+ Qxf8 21.Bxf8 Kxf8
22.Na4 Rd8 23.Nb6 Rab8 24.Nc4 Rxd1+ 25.Rxd1 Rb5 26.a4 Rc5 27.Nd6 Ke7 28.c4 Ne8
29.Nc8+ Ke6 30.b3 f5 31.Rd8 Nf6 32.Rd6+ Kf7 33.Rd3 fxe4 34.Nd6+ Ke6 35.fxe4 g5
36.f3 g4 37.Nb7  1-0

[Event "Open"]
[Site "Olomouc CZE"]
[Date "2001.08.05"]
[Round "4"]
[White "Sikora Lerch,J"]
[Black "Shushpanov,V"]
[Result "1/2-1/2"]
[WhiteElo "2308"]
[BlackElo "2427"]

1.e4 g6 2.d4 Bg7 3.Nc3 d6 4.f4 a6 5.Be2 b5 6.a4 b4 7.Na2 Bb7 8.Bf3 a5 9.c3 bxc3
10.Nxc3 e6 11.Nge2 Ne7 12.Qb3 Qc8 13.d5 exd5 14.Nxd5 Bxd5 15.exd5 O-O 16.O-O Na6
17.Nc3 Rb8 18.Nb5 Nc5 19.Qc2 Qa6 20.Be3 Nf5  1/2-1/2

[Event "Pricenet Cup"]
[Site "Olomouc CZE"]
[Date "2001.08.05"]
[Round "5"]
[White "Sluka,R"]
[Black "Blodig,R"]
[Result "1-0"]
[WhiteElo "2339"]
[BlackElo "2238"]

1.e4 d6 2.d4 g6 3.Nc3 Bg7 4.Be3 c6 5.Qd2 b5 6.h4 Nf6 7.f3 h5 8.O-O-O a6 9.Nh3 Qc7
10.e5 Nd5 11.Nxd5 cxd5 12.Nf4 e6 13.exd6 Qxd6 14.Nd3 Nc6 15.c3 Qe7 16.Qc2 Bd7
17.Nc5 Ra7 18.Bd3 Bf6 19.g3 Na5 20.Bf4 Nb7 21.b4 g5 22.hxg5 Bxg5 23.Qd2 Nxc5
24.bxc5 Bf6 25.g4 h4 26.g5 Bg7 27.Bd6 Qd8 28.Rde1 Qa5 29.g6 b4 30.gxf7+ Kxf7
31.Rhg1 Qa3+ 32.Kd1 Ba4+ 33.Ke2 Kg8 34.Qf4 Qb2+ 35.Ke3  1-0

[Event "ch-IRI"]
[Site "Tehran IRI"]
[Date "2001.08.05"]
[Round "8"]
[White "Shapouri,O"]
[Black "Rajabi Hezar,H"]
[Result "0-1"]
[WhiteElo "2278"]
[BlackElo "2203"]

1.e4 g6 2.d4 Bg7 3.Nc3 d6 4.Be3 Nf6 5.f3 c6 6.Qd2 b5 7.Bh6 Bxh6 8.Qxh6 b4
9.Nd1 Qa5 10.g4 b3+ 11.Nc3 bxc2 12.Ne2 Na6 13.Qd2 Rb8 14.Qxc2 Nb4 15.Qd2 Ba6
16.Nc1 Bxf1 17.Kxf1 O-O 18.Kg2 e5 19.Nb3 Qc7 20.dxe5 dxe5 21.Nc5 Rfd8 22.Qe2 Qa5
23.Nb3 Qb6 24.Na4 Qb5 25.Qxb5 cxb5 26.Nc3 Nd3 27.Rab1 Nf4+ 28.Kf2 h5 29.h3 h4
30.Rbd1 b4 31.Rxd8+ Rxd8 32.Ne2 Nd3+ 33.Ke3 Nxb2 34.Nec1 Nd1+ 35.Ke2 Nc3+
36.Ke3 Nd7 37.Nd3 a5 38.Nxa5 Ra8 39.Nc6 Rxa2 40.Ncxe5 Nxe5 41.Nxe5 b3 42.Nc4 b2
43.Nxb2 Rxb2 44.Kf4 Rg2 45.Kg5 Kg7 46.Rc1 f6+  0-1

[Event "Slavonija"]
[Site "Borovo CRO"]
[Date "2001.08.06"]
[Round "5"]
[White "Milu,R"]
[Black "Lukic,Milu"]
[Result "1-0"]
[WhiteElo "2475"]
[BlackElo "2258"]

1.e4 g6 2.d4 Bg7 3.Nc3 d6 4.Nf3 Bg4 5.Be2 Nf6 6.O-O O-O 7.Re1 e5 8.dxe5 dxe5
9.Qxd8 Rxd8 10.Bd3 Nc6 11.Bg5 h6 12.Bh4 g5 13.Bg3 a6 14.Nxe5 Nxe5 15.Bxe5 c6
16.f3 Bh5 17.Bxf6 Bxf6 18.e5 Bg7 19.g4 Bg6 20.Bxg6 fxg6 21.Re2 Rd4 22.Rae1 Rad8
23.e6 Bf6 24.Ne4 Be7 25.c3 Rd3 26.Kg2 Rd1 27.Rxd1 Rxd1 28.Rd2 Rxd2+ 29.Nxd2 Kg7
30.Ne4 h5 31.h3 c5 32.Kf2 b5 33.Ke2 c4 34.Ke3 h4 35.Kd4  1-0

[Event "Stork YM"]
[Site "Hengelo NED"]
[Date "2001.08.06"]
[Round "1"]
[White "Kritz,L"]
[Black "Firman,N"]
[Result "1/2-1/2"]
[WhiteElo "2423"]
[BlackElo "2511"]

1.e4 g6 2.d4 Bg7 3.Nc3 d6 4.g3 Nf6 5.Bg2 O-O 6.Nge2 e5 7.O-O Nc6 8.dxe5 dxe5
9.Nd5 Ne7 10.Bg5 Nfxd5 11.exd5 h6 12.Be3 Nf5 13.c4 Nxe3 14.fxe3 h5 15.Qd3 f5
16.c5 e4 17.Qb3 Kh7 18.Rac1 c6 19.Rfd1 cxd5 20.Rxd5 Qe7 21.Nd4 Rf6 22.Bf1 Be6
23.Nxe6 Rxe6 24.Rcd1 Rc6 25.Qc4 Rc7 26.b4 a5 27.b5 Rac8 28.Rc1 Kh6 29.b6 Rc6
30.Qb5 Bf8 31.Qxa5 Rxc5 32.Rcxc5 Rxc5 33.Rxc5 Qxc5 34.Qxc5 Bxc5 35.Kf2 Bxb6
36.h4 g5 37.hxg5+ Kxg5 38.Be2 Bc5 39.a4 b6 40.Bd1 Kg6 41.Bc2 Kf6 42.Ke2 Kg5
43.Kf2 h4 44.gxh4+ Kxh4 45.Ke2 Kg3 46.Bb3  1/2-1/2

[Event "Pricenet Cup"]
[Site "Olomouc CZE"]
[Date "2001.08.06"]
[Round "7"]
[White "Krejci,J"]
[Black "Blodig,R"]
[Result "1/2-1/2"]
[WhiteElo "2319"]
[BlackElo "2238"]

1.e4 d6 2.d4 g6 3.Nc3 Bg7 4.Be3 c6 5.h3 Nf6 6.f4 O-O 7.Nf3 d5 8.e5 Ne8 9.Qd2 b6
10.O-O-O f5 11.Rg1 a5 12.g4 Na6 13.Be2 Ra7 14.Ng5 e6 15.h4 Bh6 16.gxf5 Bxg5
17.Rxg5 exf5 18.h5 Rg7 19.hxg6 Rxg6 20.Rxg6+ hxg6 21.Rh1 Nac7 22.Bf3 Rf7
23.Qh2 Rg7 24.Bf2 Ne6 25.Ne2 Qd7 26.Qh8+ Kf7 27.Bh4 Ba6 28.c3 Bxe2 29.Bxe2  1/2-1/2

[Event "FSIMB August"]
[Site "Budapest HUN"]
[Date "2001.08.07"]
[Round "4"]
[White "Jamrich,G"]
[Black "Resika,N"]
[Result "1/2-1/2"]
[WhiteElo "2246"]
[BlackElo "2203"]

1.e4 d6 2.d4 g6 3.Nc3 Bg7 4.Bg5 Nd7 5.Qd2 c5 6.d5 Ngf6 7.Bh6 Bxh6 8.Qxh6 a6
9.Nf3 b5 10.Ng5 Qa5 11.Be2 b4 12.Nd1 b3+ 13.Nc3 bxc2 14.Rc1 Rb8 15.Rxc2 Rxb2
16.Rxb2 Qxc3+ 17.Rd2 Rg8 18.Qh4 h6 19.Qxh6 Ne5 20.Qh4 Bg4 21.Qg3 Qc1+ 22.Bd1 Nc4
23.Qd3 Nxd2 24.Qxd2 Qc4 25.f3 Bd7 26.Be2 Qa4 27.Kf2 Bb5 28.Rb1 Kf8 29.Bd1 Qa3
30.Qb2 Qa5  1/2-1/2

[Event "It"]
[Site "Nikolaev UKR"]
[Date "2001.08.07"]
[Round "7"]
[White "Alexikov,A"]
[Black "Itkis,B"]
[Result "0-1"]
[WhiteElo "2405"]
[BlackElo "2455"]

1.e4 g6 2.d4 Bg7 3.Nc3 d6 4.Bc4 Nf6 5.Bb3 O-O 6.Bg5 Na6 7.Nge2 c5 8.f3 Bd7
9.e5 cxd4 10.exf6 exf6 11.Bd2 dxc3 12.Bxc3 Bb5 13.O-O Qb6+ 14.Kh1 Nc5 15.Re1 a5
16.Nf4 a4 17.Bd5 Rfe8 18.Qd4 Qc7 19.h4 Re5 20.Qb4 Bc6 21.Red1 Rae8 22.Qc4 Qe7
23.Bxc6 bxc6 24.Bxe5 fxe5 25.Nd3 e4 26.Nxc5 Qxh4+ 27.Kg1 dxc5 28.c3 Be5 29.Rd7 Qh2+
30.Kf1 Qh1+ 31.Kf2 e3+ 32.Kxe3 Bd4+ 33.Kf4  0-1

[Event "Pricenet Cup"]
[Site "Olomouc CZE"]
[Date "2001.08.07"]
[Round "9"]
[White "Skytte,R"]
[Black "Tibensky,R"]
[Result "1/2-1/2"]
[WhiteElo "2342"]
[BlackElo "2451"]

1.e4 g6 2.d4 Bg7 3.Nc3 d6 4.Be3 a6 5.f4 b5 6.Bd3 b4 7.Nce2 Bb7 8.Nf3 Nf6
9.Ng3 Nbd7 10.c4 bxc3 11.bxc3 O-O 12.O-O c5 13.e5 Nd5 14.Bd2 cxd4 15.cxd4 a5
16.Qe2 Qc7  1/2-1/2

[Event "Nordic Championships"]
[Site "Bergen NOR"]
[Date "2001.08.09"]
[Round "6"]
[White "Moen,A"]
[Black "Valaker,O"]
[Result "1-0"]
[WhiteElo "2218"]
[BlackElo "2134"]

1.d4 g6 2.e4 Bg7 3.Nc3 d6 4.f4 c6 5.Be3 a5 6.a4 Na6 7.Nf3 Nb4 8.Be2 d5 9.e5 Bf5
10.Rc1 Qb6 11.Qd2 h5 12.h3 Nh6 13.O-O e6 14.Bf2 Bf8 15.Nh2 c5 16.g4 hxg4
17.hxg4 Bxc2 18.Rxc2 Nxc2 19.Bb5+ Kd8 20.Qxc2 cxd4 21.Rc1 g5 22.Ne2 Bc5 23.Qxc5 Qxc5
24.Rxc5 gxf4 25.Bh4+  1-0

[Event "8th Open"]
[Site "Nice FRA"]
[Date "2001.08.09"]
[Round "5"]
[White "Etchegaray,P"]
[Black "Sulava,N"]
[Result "1/2-1/2"]
[WhiteElo "2350"]
[BlackElo "2531"]

1.e4 g6 2.d4 Bg7 3.Nc3 d6 4.Be3 a6 5.Qd2 Nd7 6.Nf3 h6 7.O-O-O e6 8.g4 Ne7
9.Bd3 b5 10.g5 h5 11.Nh4 Bb7 12.Rhe1 c5 13.dxc5 Nxc5 14.Bxc5 dxc5 15.e5 O-O
16.Be4 Bxe4 17.Qxd8 Rfxd8 18.Rxe4 Nd5 19.Nxd5 Rxd5 20.Rxd5 exd5 21.Re1 Kf8
22.f4 Re8 23.Kd2 Ke7 24.Ke3 Ke6 25.h3 Bf8 26.Kf3 c4 27.Rd1 Rd8 28.Ng2 Bc5
29.Nh4 b4 30.b3 Rc8 31.bxc4 dxc4 32.Ke4 Rb8 33.f5+ gxf5+ 34.Nxf5 b3 35.axb3 cxb3
36.Ng7+ Ke7 37.Nf5+ Ke6 38.Ng7+  1/2-1/2

[Event "It"]
[Site "Nikolaev UKR"]
[Date "2001.08.09"]
[Round "9"]
[White "Karjakin,Sergey"]
[Black "Zubov,A UKR"]
[Result "0-1"]
[WhiteElo "2338"]
[BlackElo "2473"]

1.e4 g6 2.d4 Bg7 3.Nc3 d6 4.f4 Nf6 5.Nf3 O-O 6.Bd3 Na6 7.O-O c5 8.d5 Bg4
9.Bc4 Nd7 10.h3 Bxf3 11.Qxf3 Rb8 12.Qd3 Nc7 13.a4 Nb6 14.Ba2 Qd7 15.a5 Na4
16.Nd1 b5 17.c4 bxc4 18.Qc2 Rb4 19.Bxc4 Nb5 20.Ra2 Nd4 21.Qd3 Rfb8 22.Ra3 Qb7
23.Kh1 Nb3 24.Bxb3 Rxb3 25.Rxb3 Qxb3 26.Qa6 Qb5 27.Qxb5 Rxb5 28.Rf2 Rxa5
29.Rc2 Rb5 30.Nc3 Rb4 31.Nxa4 Rxa4 32.e5 Bh6 33.exd6 exd6 34.g3 Rd4 35.Rd2 Rc4
36.Rd1 Bg7 37.f5 Be5 38.fxg6 hxg6 39.Kg2 Bxb2 40.Bf4 Rd4 41.Rb1 Bc3 42.Rb8+ Kg7
43.Bxd6 Rxd5 44.Bf8+ Kh7 45.Rb7 a5 46.Rxf7+ Kg8 47.Rf3 Bb2 48.Be7 c4 49.Rf8+ Kg7
50.Rc8 Kf7 51.Rc7 Ke6 52.Bf8 c3 53.Re7+ Kf6 54.Rc7 Ke6 55.Re7+ Kd6 56.Rg7+ Kc6
57.Rxg6+ Kb5 58.Bh6 a4 59.Rg8 Rd6 60.Bf4 Ra6 61.Rb8+ Kc4 62.Rc8+ Kb3 63.Rb8+ Kc2
64.Bd6 Rxd6  0-1

[Event "Nordic Championships"]
[Site "Bergen NOR"]
[Date "2001.08.11"]
[Round "8"]
[White "Hersvik,A"]
[Black "Soh,E"]
[Result "1/2-1/2"]
[WhiteElo "2007"]
[BlackElo "2104"]

1.e4 g6 2.d4 Bg7 3.Nc3 d6 4.Nge2 Nf6 5.g3 O-O 6.Bg2 e5 7.h3 c6 8.a4 Na6 9.Be3 exd4
10.Bxd4 Nb4 11.O-O Re8 12.Qd2 a5 13.Rad1 Be6 14.f4 Bc4 15.b3 Ba6 16.Rf2 d5
17.exd5 Bxe2 18.Rxe2 Rxe2 19.Qxe2 Nbxd5 20.Nxd5 Nxd5 21.Bxg7 Kxg7 22.Bxd5 cxd5
23.Qe5+ Kg8 24.Qxd5 Qb6+ 25.Kg2 Re8 26.Rd2 Qe3 27.Qxa5 Qe4+ 28.Kh2 Qe1 29.Qd5 Re3
30.Qg2 Qc1 31.Re2 Rc3 32.Qf2 h6 33.Re8+ Kh7 34.Rh8+ Kxh8 35.Qd4+ Kh7 36.Qxc3 Qf1
37.Qd3 Qf2+ 38.Kh1 h5 39.h4 b6 40.c3 Qb2 41.Qc4 Kg7 42.Qd4+ Kh7 43.b4 Qa1+
44.Kg2 Qxa4 45.Qxb6 Qc2+ 46.Kh3 Qf5+ 47.Kg2 Qe4+ 48.Kg1 Qe1+  1/2-1/2

[Event "I American Continental"]
[Site "Cali COL"]
[Date "2001.08.11"]
[Round "2"]
[White "Acosta,A COL"]
[Black "Nogueiras,J"]
[Result "1/2-1/2"]
[WhiteElo "2300"]
[BlackElo "2525"]

1.e4 d6 2.d4 g6 3.Nc3 Bg7 4.g3 Nf6 5.Bg2 O-O 6.Nge2 e5 7.h3 Nc6 8.Be3 exd4
9.Nxd4 Bd7 10.O-O Re8 11.Re1 Qc8 12.g4 h5 13.f3 hxg4 14.hxg4 Nh7 15.Qd2 Qd8
16.Rad1 Be5 17.Qf2 Nf8 18.Nd5 Nxd4 19.Bxd4 Ne6 20.c3 c6 21.Ne3 b5 22.Re2 Qe7
23.Nc2 Nf4 24.Red2 Be6 25.Nb4 Rac8 26.b3 c5 27.Bxe5 dxe5 28.Nd3 Nxd3 29.Rxd3 c4
30.bxc4 Rxc4 31.Bf1 a6 32.Rd6 Ra4 33.R1d2 Qc7 34.Qh4 Qe7 35.g5 Qf8 36.Rh2 Qg7
37.Rdd2 Ra3 38.Rc2 Rc8 39.Qe1  1/2-1/2

[Event "TCh-Rep. Srpska"]
[Site "Jahorina BIH"]
[Date "2001.08.11"]
[Round "1"]
[White "Cabrilo,G"]
[Black "Lazic,Mi"]
[Result "1/2-1/2"]
[WhiteElo "2497"]
[BlackElo "2465"]

1.e4 d6 2.d4 g6 3.Nc3 Bg7 4.f4 a6 5.Nf3 b5 6.Bd3 c5 7.dxc5 dxc5 8.e5 Bb7
9.Qe2 Nh6 10.a4 O-O 11.axb5 axb5 12.Rxa8 Bxa8 13.Nxb5 Nc6 14.O-O f6 15.exf6 exf6
16.Qf2 Nb4 17.Bc4+ Kh8 18.Qxc5 Nxc2 19.Bb3 Bxf3 20.Rxf3 Ne1 21.Rf1  1/2-1/2

[Event "Open"]
[Site "Presov SVK"]
[Date "2001.08.11"]
[Round "1"]
[White "Del Rio Angelis,S"]
[Black "Meszaros,Mi"]
[Result "1/2-1/2"]
[WhiteElo "2484"]
[BlackElo "2202"]

1.d4 g6 2.e4 Bg7 3.Nc3 d6 4.Nf3 Nf6 5.Be2 O-O 6.O-O Nbd7 7.a4 e5 8.a5 c6
9.dxe5 dxe5 10.Qd6 Re8 11.Bc4 Qe7 12.Qxe7 Rxe7 13.Rd1 Nf8 14.h3 Be6 15.Bf1 Ne8
16.Na4 f6 17.Nc5 Bf7 18.a6 b6 19.Nb7 Ne6 20.Be3 h6 21.g3 Kh7 22.Nh4 Ng5 23.Bg2 Be6
24.Kh2 Nf7 25.f4 Bc4 26.f5 g5 27.Ng6 Rc7 28.Bf1 Bxf1 29.Rxf1 Ned6 30.Nxd6 Nxd6
31.Rfe1 Nc4 32.Bc1 Rd8 33.Kg2 Rcd7 34.Kf2 Kg8 35.b3 Nd6 36.Ba3 Bf8 37.Nxf8 Kxf8
38.c4 c5 39.Rac1 Nc8 40.b4 Rd3 41.Re3 cxb4 42.Bxb4+ Ke8 43.c5 Rd1 44.Rxd1 Rxd1
45.cxb6 Nxb6 46.g4 Rb1 47.Be1 Ra1 48.Rd3 Rxa6 49.Rd6 Ra2+ 50.Kf3 Ra3+ 51.Kg2 Ra2+
52.Kf3 Ra3+ 53.Kg2 Ra2+  1/2-1/2

[Event "7th Stage Russian Cup"]
[Site "Togliatty RUS"]
[Date "2001.08.11"]
[Round "4"]
[White "Mikheev,S"]
[Black "Zakharevich,I"]
[Result "1/2-1/2"]
[WhiteElo "2310"]
[BlackElo "2477"]

1.e4 g6 2.d4 Bg7 3.Nc3 d6 4.f4 Nf6 5.Nf3 O-O 6.Bd3 Nc6 7.O-O e5 8.fxe5 dxe5
9.d5 Nd4 10.Nxe5 Nxd5 11.Nxd5 Bxe5 12.Bf4 Nc6 13.c3 Be6 14.Bc2 Bxf4 15.Rxf4 Qg5
16.Qf3 Ne5 17.Qf2 Bxd5 18.exd5 Rfe8 19.Rf1 Re7 20.Qd4 Rd8 21.c4 b6 22.b4 h5
23.h3 Nd7 24.c5 Re2 25.R4f2 bxc5 26.bxc5 Rxf2 27.Qxf2 Ne5 28.Bb3 Kg7 29.Qd4 c6
30.d6 f6 31.Kh1 Nd7 32.Qe4 Ne5 33.Ba4 Qd2 34.Bxc6 Rc8 35.Ba4 Rxc5 36.Rd1 Rc1
37.Rxc1 Qxc1+ 38.Kh2 Qd2 39.d7 Qd6 40.Kh1 Kh6 41.Qa8 Nxd7 42.Qd8 Qg3 43.Qxd7 Qe1+
44.Kh2 Qe5+ 45.Kh1  1/2-1/2

[Event "ch-AUT women"]
[Site "Mureck AUT"]
[Date "2001.08.12"]
[Round "5"]
[White "Sommer,S"]
[Black "Unger,E"]
[Result "1-0"]
[WhiteElo "2043"]
[BlackElo "2177"]

1.e4 d6 2.d4 g6 3.Nc3 Bg7 4.Nf3 Nf6 5.Be2 O-O 6.O-O c6 7.h3 Nbd7 8.a4 a5
9.Re1 e5 10.Bf1 Nh5 11.Be3 Nb6 12.dxe5 Bh8 13.Qxd6 Qxd6 14.exd6 Nd7 15.Rad1 Rd8
16.g4 Ng7 17.Bc4 Ne6 18.Bxe6 fxe6 19.e5 Rf8 20.Kg2 Nxe5 21.Nxe5 Bxe5 22.d7 Bxd7
23.Rxd7 Rf7 24.Red1 Raf8 25.Rxf7 Rxf7 26.Bh6 Bc7 27.Ne4 Bb6 28.Rd6 e5 29.Re6 Rc7
30.Nd6  1-0

[Event "TCh-Rep. Srpska"]
[Site "Jahorina BIH"]
[Date "2001.08.13"]
[Round "3"]
[White "Podinic,V"]
[Black "Lazic,Mi"]
[Result "1/2-1/2"]
[WhiteElo "2369"]
[BlackElo "2465"]

1.e4 g6 2.d4 Bg7 3.Nc3 d6 4.Be3 a6 5.a4 b6 6.Qd2 Bb7 7.f3 Nd7 8.Bc4 e6 9.Nge2 Ngf6
10.O-O d5 11.exd5 exd5 12.Ba2 O-O 13.Bg5 c6 14.Rae1 a5 15.Rd1 Ba6 16.Rfe1 Re8
17.Nc1 Rxe1+ 18.Rxe1 Nf8 19.Bh6 Bxh6 20.Qxh6 Ne6 21.Qd2 Qd6 22.Nb1 Kg7 23.c3 c5
24.dxc5 bxc5 25.c4 d4 26.Nd3 Bb7 27.Na3 Nd7 28.Bb1 Bc6 29.b3 Nf6 30.Bc2  1/2-1/2

[Event "TCh-Rep. Srpska"]
[Site "Jahorina BIH"]
[Date "2001.08.13"]
[Round "3"]
[White "Rosic,S"]
[Black "Vujadinovic,G"]
[Result "1/2-1/2"]
[WhiteElo "2296"]
[BlackElo "2374"]

1.e4 d6 2.d4 g6 3.Nc3 Bg7 4.Be3 a6 5.Qd2 b5 6.O-O-O Bb7 7.f3 Nd7 8.h4 h5
9.Kb1 Rc8 10.Nh3 c5 11.dxc5 dxc5 12.Nf2 c4 13.Bd4 Bxd4 14.Qxd4 e5 15.Qd2 Ngf6
16.f4 Qc7 17.a3 exf4 18.Nh3 O-O 19.Nxf4 Nc5 20.Nfd5 Ncxe4 21.Nxf6+ Nxf6 22.Be2 Ne4
23.Qe3  1/2-1/2

[Event "TCh-ESP Div 2"]
[Site "Vila Real ESP"]
[Date "2001.08.13"]
[Round "1"]
[White "Mate Adan,C"]
[Black "Movsziszian,K"]
[Result "0-1"]
[WhiteElo "2262"]
[BlackElo "2505"]

1.e4 g6 2.d4 Bg7 3.Nc3 d6 4.g3 Nf6 5.Bg2 O-O 6.Nge2 e5 7.h3 Nc6 8.Be3 exd4
9.Nxd4 Bd7 10.O-O Re8 11.Re1 a6 12.a4 Nb4 13.Nde2 a5 14.Nf4 Ra6 15.Qd2 Qc8
16.Kh2 Rc6 17.Nfd5 Nbxd5 18.exd5 Rc4 19.Nb5 Re5 20.Bg5 Rxe1 21.Rxe1 Rxa4
22.Nc3 Rb4 23.b3 h5 24.Be3 c5 25.dxc6 Bxc6 26.Nd5 Nxd5 27.Bxd5 h4 28.Bxc6 hxg3+
29.fxg3 Qxc6 30.Rd1 Be5 31.Qd3 Qf3 32.Bf4 Rxf4 33.gxf4 Qf2+ 34.Kh1 Bxf4  0-1

[Event "TCh-ESP Div 2"]
[Site "Vila Real ESP"]
[Date "2001.08.13"]
[Round "1"]
[White "Andres Gonzalez,A"]
[Black "Illescas Cordoba,M"]
[Result "0-1"]
[WhiteElo "2407"]
[BlackElo "2574"]

1.d4 g6 2.e4 Bg7 3.Nc3 d6 4.Be3 a6 5.a4 Nf6 6.f3 O-O 7.Qd2 e5 8.Nge2 exd4
9.Nxd4 Re8 10.Bc4 Nc6 11.Nde2 Ne5 12.Bb3 Be6 13.Bxe6 fxe6 14.b3 d5 15.Rd1 Qe7
16.Ng3 Rad8 17.Qe2 Qb4 18.Bd2 Qb6 19.f4 Nc6 20.e5 Nd4 21.Qd3 Ng4 22.Rc1 c5
23.Nce2 Nc6 24.h3 c4 25.Qf3 Ngxe5 26.fxe5 Rf8 27.Qe3 d4 28.Qe4 d3 29.cxd3 Nxe5
30.Rc3 Nxd3+ 31.Rxd3 Qf2+ 32.Kd1 cxd3 33.Nf4 Qxg3 34.Nxe6 Rfe8 35.Re1 Qd6
36.Qc4 Kh8 37.Bc3 Rxe6 38.Bxg7+ Kxg7 39.Rxe6 Qf8 40.Qc7+ Kh6 41.Qe7 Qf1+
42.Re1 Qf2 43.Qe3+ Qxe3 44.Rxe3 Rd4 45.Kd2 Kg5 46.g3 h5 47.Re5+ Kf6 48.Re3 Kf5
49.Re7 b6 50.Re3 Kf6 51.Re8 a5 52.Re1 Kf5 53.Re3 g5 54.Rf3+ Ke4 55.Re3+ Kd5
56.Re8 Rb4 57.Rg8 Rxb3 58.g4 h4 59.Ke3 Kc4 60.Rg6 Kc3 61.Rc6+ Kb2  0-1

[Event "TCh-Rep. Srpska"]
[Site "Jahorina BIH"]
[Date "2001.08.14"]
[Round "4"]
[White "Savic,Mio1"]
[Black "Vujadinovic,G"]
[Result "0-1"]
[WhiteElo "2456"]
[BlackElo "2374"]

1.e4 d6 2.d4 g6 3.Nc3 Bg7 4.Be3 c6 5.Qd2 b5 6.Nge2 Nf6 7.f3 Qa5 8.g4 h5 9.g5 Nfd7
10.Bg2 Nb6 11.b3 b4 12.Nd1 c5 13.O-O Ba6 14.Rc1 cxd4 15.Bxd4 Bxd4+ 16.Qxd4 O-O
17.c4 Qxa2 18.Qe3 Qa5 19.f4 N8d7 20.Nf2 Qc5 21.Qd2 Bb7 22.Kh1 a5 23.Nd3 Qc7
24.f5 Nc5 25.Nxc5 dxc5 26.Nf4 Qd6 27.Qe3 a4 28.Rcd1 Qe5 29.fxg6 axb3 30.Nd3 Qd4
31.Qh3 Bxe4 32.gxf7+ Rxf7 33.Rxf7 Kxf7 34.Rf1+ Ke8 35.Qxh5+ Kd8 36.Nf4 Bxg2+
37.Nxg2 Ra1 38.Qf3 Rxf1+ 39.Qxf1 b2 40.g6 Nxc4 41.h4 Nd2 42.Qf8+ Kd7 43.Qf5+ Kd6
44.Ne3 Qxe3 45.g7 Qf3+ 46.Qxf3 Nxf3 47.g8=Q b1=Q+ 48.Kg2 Qg1+ 49.Kh3 Qxg8  0-1

[Event "I American Continental"]
[Site "Cali COL"]
[Date "2001.08.15"]
[Round "6"]
[White "Renteria,J"]
[Black "Nogueiras,J"]
[Result "0-1"]
[WhiteElo "2277"]
[BlackElo "2525"]

1.e4 d6 2.d4 g6 3.Nc3 Bg7 4.f4 e6 5.Be3 Ne7 6.h4 h5 7.Qd2 d5 8.e5 b6 9.O-O-O Ba6
10.Bxa6 Nxa6 11.g4 hxg4 12.Qg2 Nf5 13.Bf2 g3 14.Bxg3 Ne3 15.Qe2 Nxd1 16.Nxd1 Qc8
17.h5 Qb7 18.Qf3 O-O-O 19.hxg6 fxg6 20.Rxh8 Rxh8 21.Qg4 Qc6 22.Qxg6 Qe8 23.Qxg7 Rg8
24.Qh7 Rxg3 25.Ne2 Rg2 26.Qd3 Nb4 27.Qf3 Rh2 28.a3 Nc6 29.f5 exf5 30.Qxf5+ Kb7
31.Ndc3 Ne7 32.Qe6 Rh1+ 33.Nd1 Qf8 34.Qg4 Qh6+ 35.Qf4 Qxf4+ 36.Nxf4 Nf5 37.Nxd5 Nxd4
38.c3 Nc6 39.e6 Rh6 40.e7 Re6 41.Kc2 Nxe7 42.Nf4 Re4 43.Nd3 Re2+ 44.Kb3 Nc6  0-1

[Event "Open"]
[Site "Presov SVK"]
[Date "2001.08.15"]
[Round "5"]
[White "Kotan,L"]
[Black "Petran,Pe"]
[Result "1-0"]
[WhiteElo "2347"]
[BlackElo "2364"]

1.e4 g6 2.d4 Bg7 3.Nc3 d6 4.Be3 c6 5.Qd2 b5 6.Bd3 Nd7 7.Nf3 Bb7 8.O-O Ngf6
9.Bh6 O-O 10.Bxg7 Kxg7 11.e5 Ne8 12.Ne4 f6 13.Rfe1 Nb6 14.exf6+ exf6 15.b3 Bc8
16.h3 f5 17.Ng3 Nf6 18.c4 bxc4 19.bxc4 h6 20.Re2 d5 21.Ne5 Bd7 22.c5 Nc8
23.Rb1 Re8 24.Rb7 Re7 25.Qf4 a5 26.Reb2 Qe8 27.Nxd7 Rxd7 28.Bxf5 gxf5 29.Nxf5+ Kf7
30.Qxh6 Qe1+ 31.Kh2 Ra7 32.Rb8 Ke6 33.Qg6 Rac7 34.R2b3 Qxf2 35.Re3+ Qxe3
36.Nxe3 Ne7 37.Qg5 Rc8 38.Ng4 Ne4 39.Qh6+  1-0

[Event "Open"]
[Site "Presov SVK"]
[Date "2001.08.15"]
[Round "5"]
[White "Rudolf,M"]
[Black "Van Wissen,M"]
[Result "1/2-1/2"]
[WhiteElo "2378"]
[BlackElo "2232"]

1.e4 g6 2.d4 Bg7 3.Nc3 d6 4.g3 Nf6 5.Bg2 O-O 6.h3 c5 7.Nge2 cxd4 8.Nxd4 Bd7
9.O-O Nc6 10.Nce2 Rc8 11.Be3 Na5 12.Nb3 Nc4  1/2-1/2